| 000 | 01204nas a2200397 4500 | ||
|---|---|---|---|
| 001 | BR2012004445 | ||
| 003 | BR-BrBNA | ||
| 005 | 20231205120749.0 | ||
| 007 | ta | ||
| 008 | 230509b bl.|||p| |||| 00| 00por d | ||
| 040 |
_aBR-BrBNA _bpor _cBiblioteca Nacional de Agricultura |
||
| 041 | _a(Pt) | ||
| 072 | _aL02; Q04 | ||
| 100 | 1 | _aBarbosa, R.S. | |
| 100 | 1 | _aFischer, V. | |
| 100 | 1 | _aRibeiro, M.E.R. | |
| 100 | 1 | _aZanela, M.B. | |
| 100 | 1 | _aStumpf, M.T. | |
| 100 | 1 | _aKolling, G.J. | |
| 100 | 1 | _aSchafhäuser Júnior, J. | |
| 100 | 1 | _aBarros, L.E. | |
| 100 | 1 | _aEgito, A.S. do | |
| 245 | 1 | _aCaracterização eletroforética de proteínas e estabilidade do leite em vacas submetidas à restrição alimentar | |
| 650 | _aGADO JERSEY | ||
| 650 | _aGADO LEITEIRO | ||
| 650 | _aLEITE | ||
| 650 | _aDEFICIÊNCIA NUTRICIONAL | ||
| 650 | _aPROTEÍNA | ||
| 650 | _aCOMPOSIÇÃO DE ALIMENTO | ||
| 650 | _aANÁLISE DE ALIMENTO | ||
| 650 | _aVALOR NUTRITIVO | ||
| 650 | _aELETROFORESE | ||
| 773 | 0 |
_tPesquisa Agropecuária Brasileira (Brazil) _xISSN 0100-204X _g(Apl 2012), v. 47(4) p. 621-628 _wBR2012004445 |
|
| 909 |
_a202311 _bLúcia _c55 _dLúcia Elande |
||
| 942 |
_2AGRIS _n0 _cANA |
||
| 999 |
_c220185 _d220185 |
||